logo

Bir Sreshtho Munshi Abdur Rouf Library
Jhenaidah Cadet College

গল্পে গল্পে জার্মান শেখা / (Record no. 11541)

MARC details
000 -LEADER
fixed length control field 00684nam a2200217 a 4500
001 - CONTROL NUMBER
JCCL Control Number 11541
003 - CONTROL NUMBER IDENTIFIER
JCCL marc code BD-JhCC
005 - DATE AND TIME OF LATEST TRANSACTION
control field 20200315125307.0
008 - FIXED-LENGTH DATA ELEMENTS--GENERAL INFORMATION
fixed length control field 200315s2020 b |||| |||| 00| 0 ban d
020 ## - INTERNATIONAL STANDARD BOOK NUMBER
International Standard Book Number 9789849266549
035 ## - SYSTEM CONTROL NUMBER
system control number (BD-JhCC)11541
040 ## - CATALOGING SOURCE
Original cataloging agency BD-JhCC
Modifying agency BD-JhCC
041 ## - LANGUAGE CODE
Language code of Book ben and germany
082 ## - DEWEY DECIMAL CLASSIFICATION NUMBER
Classification number 435
Author mark and Year PER 2020
100 ## - MAIN ENTRY--PERSONAL NAME
Personal name পারভেজ, অমৃতা
245 ## - TITLE STATEMENT
Title গল্পে গল্পে জার্মান শেখা /
Statement of responsibility, etc অমৃতা পারভেজ
260 ## - PUBLICATION, DISTRIBUTION, ETC. (IMPRINT)
Place of publication, distribution, etc ঢাকা :
Name of publisher, distributor, etc আদর্শ,
Date of publication, distribution, etc ২০২০.
300 ## - PHYSICAL DESCRIPTION
Pagination ১২৫ পৃ. :
Dimensions ২০ সেমি.
650 ## - SUBJECT ADDED ENTRY--TOPICAL TERM
Topical term or geographic name as entry element German language
942 ## - ADDED ENTRY ELEMENTS (KOHA)
Source of classification or shelving scheme Dewey Decimal Classification
Koha item type Books
Holdings
Source of classification or shelving scheme Damaged status Not for loan Home library Current library Shelving location Date of accession Cost, normal purchase price Total Checkouts Full call number Barcode Date last seen Date checked out Copy number Koha item type
Dewey Decimal Classification     JCC Rouf Library JCC Rouf Library General Stacks 07/27/2024 180.00 1 435 PER 2020 15773 07/29/2024 07/27/2024 C-1 Books

JCC Library | Contacts | JCC Home

Last Update on 23 September 2017
Copyright @ 2017-2020 JCC Rouf Library
Rouf Library, Jhenidah Cadet College (JCC), Bangladesh